00503 2200181 4500245005100000020002200051250001100073100001900084700001800103650002100121650001000142005001900152260009900171041001400270084000800284300002000292336000900312 aBerlabuh di Bumi SikereicTjak S. ParlanhText a978-602-437-917-9 aCet. 1 aTjak S. Parlan aEbah Suhaebah aSastra Indonesia aEbook a20241104084031 aJakartabBadan Pengembangan Bahasa dan Perbukuan, Kementerian Pendidikan dan Kebudayaan,c2019 aIndonesia a813 axii :c128 hlm. atext